Culture Générale - Série 1705 - Statistiques

Statistiques générales
  • Ce quiz a été pris 97 fois
  • Le résultat moyen est 7 sur 10
Statistiques - réponses
Question Réponnse % Correct
Quel sex-symbol des années 60 surnommée BB, a créé une fondation pour la protection des animaux ? Brigitte Bardot
98%
Pour appeler un numéro de téléphone français à partir d'un pays étranger, quel indicatif téléphonique doit-on composer après le "00" ? 33
90%
Dans quel pays se situe l'État de Chihuahua ? Mexique
89%
Selon l'expression, quelle partie du corps lève-t-on lorsque l'on boit de l'alcool sans modération ? coude
72%
Selon le titre d'une série télévisée de TF1, Anny Duperey et Bernard Le Coq sont les héros d'"Une famille... formidable
72%
Dans le sketch des Inconnus intitulé "Les Chasseurs", quel adjectif de couleur est associé à la "galinette" chassée dans le Bouchonois ? cendrée
66%
D'après la Constitution américaine, quelle est la durée du mandat d'un sénateur ? 6 ans
61%
Dans le film d'animation "Fievel au Far West", quel animal est Fievel ? souris
44%
En 1979, quel chanteur français a écrit et composé le titre "J'ai la guitare qui me démange" ? Yves Duteil
44%
Quel cinéaste a réalisé "La Chèvre", "Les Compères" et "Les Fugitifs" ? Francis Veber
20%
Aucun quiz correspondant
Distribution des résultats
% des personnes avec chaque résultat
Percentile par nombre de réponses
Votre historique - résultats
Vous n’avez pas pris ce quiz